Canada Global Cities - Statistics

General Stats
  • This quiz has been taken 72 times
  • The average score is 9 of 10
Answer Stats
Hint Answer % Correct
Alpha Toronto
100%
Gamma Ottawa
98%
Beta+ Vancouver
98%
Beta- Calgary
96%
Alpha- Montreal
96%
Gamma- Edmonton
95%
Sufficiency Winnipeg
86%
Sufficiency Quebec City
81%
Sufficiency Halifax
77%
Sufficiency Saskatoon
58%
No matching quizzes found
Score Distribution
Percent of People with Each Score
Percentile by Number Answered
Your Score History
You have not taken this quiz